000 00827nas a2200265 4500
001 BR7900942
003 BR-BrBNA
005 20231205083636.0
007 ta
008 230509b bl.|||p| |||| 00| 00por d
040 _aBR-BrBNA
_bpor
_cBiblioteca Nacional de Agricultura
041 _a(Pt)
072 _aH10
100 1 _aSilva, N. dos A.
100 1 _aZanuncio, J.C.
100 1 _aClark, E.W.
100 1 _aFaria, A.B. de
245 1 _aSabulodes caberata Guenee (Lepidoptera: Geometridae): uma nova praga desfolhadora dos eucaliptos em Minas Gerais [Eucalyptus spp, inseto]
650 _aEUCALIPTO
650 _aINSETO
650 _aMINAS GERAIS
773 0 _tRevista Arvore (Brazil)
_xISSN 0100-6762
_g(Mar 1977), v. 1(1) p. 1-8
_wBR7900942
909 _a202311
_bLúcia
_c55
_dLúcia Elande
942 _2AGRIS
_n0
_cANA
999 _c100261
_d100261